| 000 | 00616nam a2200241Ia 4500 | ||
|---|---|---|---|
| 999 |
_c2709 _d2709 |
||
| 007 | ta | ||
| 008 | 230322t2020||||uk | ||gd|||||||1 ||eng|| | ||
| 020 |
_a9781788161565 _cRs. 399.00 |
||
| 040 |
_aKO _beng |
||
| 041 | 0 | _aeng | |
| 044 | _axxk | ||
| 082 | 0 | 4 |
_223 _a171.2 _bG835 |
| 100 | 1 | _aGreene, Robert | |
| 245 | 1 | 0 |
_aThe concise laws of human nature / _cRobert Greene |
| 260 |
_aLondon: _bProfile Books Ltd, _c2020 |
||
| 300 |
_a287p _c17 cm. |
||
| 650 | 0 | _aSelf-actualization (Psychology) | |
| 650 | 0 | _aSelf-confidence | |
| 650 | 0 | _aMotivation (Psychology) | |
| 904 | _aA_BOSE | ||
| 942 | _cBK | ||